| 000 | 00698cam a2200253 4500 | ||
|---|---|---|---|
| 008 | 090401t xxu||||| |||| 00| 0 eng d | ||
| 020 | _a0070097674 | ||
| 035 | _a(Sirsi) u43467 | ||
| 041 | _aeng | ||
| 050 | _a711.1 | ||
| 100 | _aCanter, Larry W | ||
| 245 | _aEnvironmental impact assessment. | ||
| 250 | _a2nd ed. | ||
| 260 |
_aNew York _bMcGraw-Hill Inc. _c1996 (ie) |
||
| 300 | _axx,660p. : ill. ; 24cm. | ||
| 350 | _a67.95 | ||
| 650 | _aENVIRONMENTAL IMPACT ASSESSMENTS | ||
| 650 | _aENVIRONMENTAL IMPACT STATEMENTS | ||
| 650 | _aNATIONAL ENVIRONMENTAL POLICY ACT | ||
| 650 | _aUNITED STATES | ||
| 690 | _aENVIRONMENTAL AND LAND CONSULTANCY | ||
| 942 | _n0 | ||
| 948 | _c04/03/1997 | ||
| 999 |
_c91333 _d91333 |
||